| 000 | 02175nam a2200313Ia 4500 | ||
|---|---|---|---|
| 001 | H9690 | ||
| 003 | IT-RoPAU | ||
| 008 | 130308s9999 xx 000 0 und d | ||
| 040 | _aIT-RoPAU | ||
| 040 | _cIT-RoPAU | ||
| 041 | _aITALIANO | ||
| 100 | _aRizzi Aldo | ||
| 100 | _gCodice Aut. SPICS: 59685 | ||
| 245 | _aMostra del Bombelli e del Carneo | ||
| 245 | _bMostra del Bombelli e del Carneo | ||
| 250 | _a1a ed. | ||
| 260 | _a UDINE | ||
| 260 | _bDoretti Editore | ||
| 260 | _c1964 [1° Ed.:1964 - Ed.Ling.Originale:1964] | ||
| 300 | _a"280 p. (prefazione: 72; testo: 208 [pagine: 0-0])" | ||
| 500 | _a"Catalogo della mostra Tenutasi nella Chiesa di S. Francesco, Udine dal 27Agosto al 15 Novembre 1964. presentazione delle Opere Esposte tra le Quali: Bombelli (Autoritratto; ritratto di 3 Avogadori; ritratto dei censori Martin Barbaro e di un Lando; ritratto di Benedetto Mangilli; ritratto di Gentiluomo; ritratto di Polo Querini; ritratto di Gerolamo Querini; ritratto Diun Maresciallo di Francia; ritratto di un Senatore Dona'; ritratto degli Avogadori Pietro Garzoni e Francesco Benzon; ritratto del Grande Elettore Dibrandeburgo; ritratto di un Conte Bullo; ritratto della Contessa Eurizia Verità di Valvasone; ritratto del Conte Nicolo' di Valvasone), Antonio Carneo (Vecchia con Conocchia e giovane con Spiga; Autunno; Martirio di S. Bartolomeo; ritratto di Leonardo Caiselli; Didone Abbandonata; prova del Veleno; sacra Famiglia Venerata dal Luogotenente e Dai Deputati; ritratto di Ferdinando Prampero; ritratto di Gentiluomo; Cristo Deposto; Abramo e Agar; Lotta; Mercurio Addormentato e Argo; Indovina; Seduzione; Apollo e Marsia; S. tommaso che Dispensa Il pane Ai Poveri; S. Gottardo, Sant'Antonio e Bambino; Tentazioni di S. Antonio; Eolo che Abbraccia Il Cavallo; Ercole e L'Idra;S. Luca Evangelista; Giramondo; Meditazione; vecchia con L'Arcolaio: Inverno; S. Gerolamo; Profeta Sdraiato; Suicidio di Senaca; S. Chiara; S. Antonio" | ||
| 650 | _aAUTORI/OPERE DI PITTURA | ||
| 650 | _eCodice materia Spics: 5207 | ||
| 700 | _aPallucchini Rodolfo | ||
| 700 | _gCodice Aut. SPICS: 2937 | ||
| 942 | _cBK | ||
| 957 | _71 | ||
| 999 |
_c91334 _d91334 |
||
| 999 | _g1 | ||